Bharat's taxation of trusts : (Record no. 134272)
[ view plain ]
| 000 -LEADER | |
|---|---|
| fixed length control field | 00823nam a22002417a 4500 |
| 005 - DATE AND TIME OF LATEST TRANSACTION | |
| control field | 20170124110223.0 |
| 010 ## - LIBRARY OF CONGRESS CONTROL NUMBER | |
| LC control number | A-997062 |
| 020 ## - INTERNATIONAL STANDARD BOOK NUMBER | |
| Terms of availability | 450.00 |
| International Standard Book Number | 8185398445 |
| 035 ## - SYSTEM CONTROL NUMBER | |
| System control number | A-997062 |
| 037 ## - SOURCE OF ACQUISITION | |
| Source of stock number/acquisition | Cen Lib/Ret |
| 040 ## - CATALOGING SOURCE | |
| Original cataloging agency | DPL |
| Language of cataloging | EN |
| 082 ## - DEWEY DECIMAL CLASSIFICATION NUMBER | |
| Classification number | 343.064 |
| Item number | SUB |
| 100 ## - MAIN ENTRY--PERSONAL NAME | |
| Personal name | Subramanian, N. |
| 9 (RLIN) | 40285 |
| 245 ## - TITLE STATEMENT | |
| Title | Bharat's taxation of trusts : |
| Statement of responsibility, etc | by N. Subramanian [and] T.N. Pandey |
| Remainder of title | public & Private including wakfs / |
| 260 ## - PUBLICATION, DISTRIBUTION, ETC. (IMPRINT) | |
| Place of publication, distribution, etc | New Delhi |
| Name of publisher, distributor, etc | Bharat Publishing House |
| Date of publication, distribution, etc | 1999 |
| 270 ## - ADDRESS | |
| City | New Delhi |
| Postal code | 110034 |
| Address | 222 tarun enclve, pitampura |
| 300 ## - PHYSICAL DESCRIPTION | |
| Extent | 624p. |
| Dimensions | 23cm(Hb) |
| 500 ## - GENERAL NOTE | |
| General note | Includes index |
| 650 ## - SUBJECT ADDED ENTRY--TOPICAL TERM | |
| Topical term or geographic name as entry element | Trusts and trustees |
| General subdivision | Taxation |
| 9 (RLIN) | 40286 |
| 650 ## - SUBJECT ADDED ENTRY--TOPICAL TERM | |
| Topical term or geographic name as entry element | Charitable uses, trusts, and foundations |
| General subdivision | Taxation |
| 9 (RLIN) | 40287 |
| 700 ## - ADDED ENTRY--PERSONAL NAME | |
| Personal name | Pandey, T.N. |
| 9 (RLIN) | 40288 |
| 942 ## - ADDED ENTRY ELEMENTS (KOHA) | |
| Source of classification or shelving scheme | Dewey Decimal Classification |
| Koha item type | English Books |
| Classification part | 343.064 |
| Call number suffix | SUB |
| Withdrawn status | Lost status | Damaged status | Not for loan | Collection code | Home library | Current library | Date acquired | Source of acquisition | Cost, normal purchase price | Total Checkouts | Full call number | Barcode | Date last seen | Copy number | Cost, replacement price | Price effective from | Koha item type |
|---|---|---|---|---|---|---|---|---|---|---|---|---|---|---|---|---|---|
| Not For Loan | Reference | Central Library | Central Library | 29/07/2015 | Cen Lib/Ret | 450.00 | 343.064 SUB | A-997062 | 29/07/2015 | 1 | 450.00 | 29/07/2015 | English Books |
